A műhelyiskola szerepe, bolti előkészítő képzés a Kunszentmártoni Járásban
| Szerző: | |
|---|---|
| További közreműködők: | |
| Dokumentumtípus: | Diplomadolgozat |
| Kulcsszavak: | eladás - értékesítés emberi erőforrások fejlesztése élelmiszer-kereskedelem élethosszig tartó tanulás értékesítés |
| Online Access: | http://dolgozattar.uni-bge.hu/60096 |
MARC
| LEADER | 00000nta a2200000 i 4500 | ||
|---|---|---|---|
| 001 | dolg60096 | ||
| 005 | 20260409150002.0 | ||
| 008 | 260409suuuu hu om 000 hun d | ||
| 040 | |a BGE Dolgozattár Repozitórium |b hun | ||
| 041 | |a hu | ||
| 100 | 1 | |a Horváth Csilla | |
| 245 | 1 | 2 | |a A műhelyiskola szerepe, bolti előkészítő képzés a Kunszentmártoni Járásban |c Horváth Csilla |h [elektronikus dokumentum] |
| 520 | 3 | |a Ez a szakdolgozat a Kunszentmártoni Járásban működő műhelyiskolai bolti előkészítő képzés szerepét vizsgálja, amely hátrányos helyzetű fiatalok munkaerőpiaci esélyeit célozza javítani. A Karcagi SZC Kunszentmártoni Technikum óraadója vagyok, kvalitatív interjúk és kvantitatív kérdőíves felmérések révén elemeztem a képzés hatékonyságát, a tananyag relevanciáját és a diákok gyakorlati felkészültségét. A kutatás rávilágít a helyi demográfiai kihívásokra, a digitális készségek fontosságára és a német duális képzéssel való összehasonlításra. Az eredmények szerint a képzés támogatja a szociális kompetenciák fejlődését, de a digitális oktatás és az ipari kapcsolatok erősítése szükséges. A dolgozat az oktatói pálya iránti elköteleződést is tükrözi, javasolva a szakképzés további fejlesztését. | |
| 695 | |a eladás - értékesítés | ||
| 695 | |a emberi erőforrások fejlesztése | ||
| 695 | |a élelmiszer-kereskedelem | ||
| 695 | |a élethosszig tartó tanulás | ||
| 695 | |a értékesítés | ||
| 700 | 1 | |a Popcsa Anna Mária |e ths | |
| 856 | 4 | 0 | |u http://dolgozattar.uni-bge.hu/60096/1/Szakdolgozat.pdf |z Dokumentum-elérés |
| 856 | 4 | 0 | |u http://dolgozattar.uni-bge.hu/60096/2/Horv%C3%A1th%20Cs.%20.pdf |z Dokumentum-elérés |
| 856 | 4 | 0 | |u http://dolgozattar.uni-bge.hu/60096/3/Horv%C3%A1th_Csilla_k%C3%BCls%C5%91_b%C3%ADr%C3%A1l%C3%B3.pdf |z Dokumentum-elérés |